000
00317 a2200157 4500
001
160696
020
_a
040
_c
Magnum
100
_a
Rocha, Hylton M.
240
1
0
_a
Um coracao inquieto
_l
por
245
1
0
_a
Um coracao inquieto
362
0
_a
1899
440
1
_a
Paulinas
697
_a
RELIGIAO
942
_c
BK
999
_c
160696
_d
160696